The director's idea : (Record no. 28437)
[ view plain ]
| 000 -LEADER | |
|---|---|
| fixed length control field | 02306cam a2200361 a 4500 |
| 001 - CONTROL NUMBER | |
| control field | 14503978 |
| 003 - CONTROL NUMBER IDENTIFIER | |
| control field | EG-ScBUE |
| 005 - DATE AND TIME OF LATEST TRANSACTION | |
| control field | 20200805093812.0 |
| 008 - FIXED-LENGTH DATA ELEMENTS--GENERAL INFORMATION | |
| fixed length control field | 060817t2006 mau f 001 0 eng d |
| 020 ## - INTERNATIONAL STANDARD BOOK NUMBER | |
| International Standard Book Number | 9780240806815 (acid-free paper) |
| 020 ## - INTERNATIONAL STANDARD BOOK NUMBER | |
| International Standard Book Number | 0240806816 (pbk. : acid-free paper) |
| 035 ## - SYSTEM CONTROL NUMBER | |
| System control number | (OCoLC)ocm63702639 |
| 040 ## - CATALOGING SOURCE | |
| Original cataloging agency | UKM |
| Language of cataloging | eng |
| Description conventions | rda |
| Transcribing agency | UKM |
| Modifying agency | BAKER |
| -- | KUT |
| -- | IXA |
| -- | XVF |
| -- | DLC |
| -- | EG-ScBUE |
| 082 04 - DEWEY DECIMAL CLASSIFICATION NUMBER | |
| Classification number | 791.430233 |
| Item number | DAN |
| Edition number | 22 |
| 100 1# - MAIN ENTRY--PERSONAL NAME | |
| Personal name | Dancyger, Ken, |
| Relator term | author. |
| 245 14 - TITLE STATEMENT | |
| Title | The director's idea : |
| Remainder of title | the path to great directing / |
| Statement of responsibility, etc | Ken Dancyger, New York University, Tisch School of the Arts, New York, New York. |
| 264 #1 - PUBLICATION, DISTRIBUTION, ETC. (IMPRINT) | |
| Place of publication, distribution, etc | Burlington, MA ; |
| -- | Oxford, UK : |
| Name of publisher, distributor, etc | Focal Press : |
| -- | Elsevier, |
| Date of publication, distribution, etc | [2006] |
| 264 #4 - PUBLICATION, DISTRIBUTION, ETC. (IMPRINT) | |
| Date of publication, distribution, etc | c2006 |
| 300 ## - PHYSICAL DESCRIPTION | |
| Extent | xiv, 356 pages ; |
| Dimensions | 23 cm |
| 336 ## - CONTENT TYPE | |
| Source | rdacontent |
| Content type term | text |
| Content type code | txt |
| 337 ## - MEDIA TYPE | |
| Source | rdamedia |
| Media type term | unmediated |
| Media type code | n |
| 338 ## - CARRIER TYPE | |
| Source | rdacarrier |
| Carrier type term | volume |
| Carrier type code | nc |
| 500 ## - GENERAL NOTE | |
| General note | Includes index. |
| 500 ## - GENERAL NOTE | |
| General note | Includes appendix. |
| 505 0# - FORMATTED CONTENTS NOTE | |
| Formatted contents note | pt. I: What the director does. Introduction -- The director's idea -- The competent director -- The good director -- The great director -- Text interpretation -- The camera -- The actor -- pt. II: The case studies of directing. Sergei Eisenstein : the historical dialectic -- John Ford : poetry and heroism -- George Stevens : the American character : desire and conscience -- Billy Wilder : existence at stake -- Ernst Lubitsch : the life force of romance -- Elia Kazan : drama as life -- François Truffaut : celebrate the child -- Roman Polanski : the aloneness of existence -- Stanley Kubrick : the darkness of modern life -- Steven Spielberg : childhood forever -- Margarethe Von Trotta : historical life and personal life intersect -- Lukas Moodysson : empathy and its limits -- Catherine Breillat : the warfare of sexuality -- Mary Harron : celebrity and banality -- Conclusion -- Appendix: Finding the director's idea. |
| 650 #7 - SUBJECT ADDED ENTRY--TOPICAL TERM | |
| Topical term or geographic name as entry element | Motion pictures |
| General subdivision | Production and direction. |
| Source of heading or term | BUEsh |
| 653 ## - INDEX TERM--UNCONTROLLED | |
| Resource For college | Communication and mass media |
| Arrived date list | July2020 |
| 655 ## - INDEX TERM--GENRE/FORM | |
| Form subdivision | Text book |
| 9 (RLIN) | 33728 |
| 856 42 - ELECTRONIC LOCATION AND ACCESS | |
| Materials specified | Publisher description |
| Uniform Resource Identifier | <a href="http://www.loc.gov/catdir/enhancements/fy0665/2006297079-d.html">http://www.loc.gov/catdir/enhancements/fy0665/2006297079-d.html</a> |
| 906 ## - LOCAL DATA ELEMENT F, LDF (RLIN) | |
| a | 7 |
| b | cbc |
| c | copycat |
| d | 2 |
| e | ncip |
| f | 20 |
| g | y-gencatlg |
| 942 ## - ADDED ENTRY ELEMENTS (KOHA) | |
| Source of classification or shelving scheme | Dewey Decimal Classification |
| Koha item type | Book - Textbooks |
| Withdrawn status | Lost status | Source of classification or shelving scheme | Damaged status | Not for loan | Collection code | Home library | Current library | Shelving location | Date acquired | Source of acquisition | Total Checkouts | Total Renewals | Full call number | Barcode | Date last seen | Date checked out | Price effective from | Koha item type |
|---|---|---|---|---|---|---|---|---|---|---|---|---|---|---|---|---|---|---|
| Dewey Decimal Classification | Baccah | Central Library | Central Library | Second Floor | 05/07/2020 | Purchase | 2 | 10 | 791.430233 DAN | 000049303 | 30/09/2025 | 22/05/2025 | 05/07/2020 | Book - Borrowing |